Plato / (Record no. 133322)

MARC details
000 -LEADER
fixed length control field 00615nam a22002177a 4500
005 - DATE AND TIME OF LATEST TRANSACTION
control field 20170124110207.0
010 ## - LIBRARY OF CONGRESS CONTROL NUMBER
LC control number A-412595
020 ## - INTERNATIONAL STANDARD BOOK NUMBER
Terms of availability 00.00
035 ## - SYSTEM CONTROL NUMBER
System control number A-412595
037 ## - SOURCE OF ACQUISITION
Source of stock number/acquisition Cen Lib/Ret
040 ## - CATALOGING SOURCE
Original cataloging agency DPL
Language of cataloging EN
082 ## - DEWEY DECIMAL CLASSIFICATION NUMBER
Classification number 184
Item number COL
100 ## - MAIN ENTRY--PERSONAL NAME
Personal name Collins, Clifton W.
9 (RLIN) 37599
245 ## - TITLE STATEMENT
Title Plato /
Statement of responsibility, etc by Clifton W. Collins
260 ## - PUBLICATION, DISTRIBUTION, ETC. (IMPRINT)
Place of publication, distribution, etc New Delhi
Name of publisher, distributor, etc Deep and Deep Publications
Date of publication, distribution, etc 1990
270 ## - ADDRESS
Address D1,/24, Rajouri Garden
City New Delhi
Postal code 110008
300 ## - PHYSICAL DESCRIPTION
Extent vi, 197p.
Dimensions 17cm(Hb)
650 ## - SUBJECT ADDED ENTRY--TOPICAL TERM
Topical term or geographic name as entry element Plato.
9 (RLIN) 74087
650 ## - SUBJECT ADDED ENTRY--TOPICAL TERM
Topical term or geographic name as entry element Philosophy, Ancient.
9 (RLIN) 32953
942 ## - ADDED ENTRY ELEMENTS (KOHA)
Source of classification or shelving scheme Dewey Decimal Classification
Koha item type English Books
Classification part 184
Call number suffix COL
Holdings
Withdrawn status Lost status Damaged status Not for loan Home library Current library Date acquired Source of acquisition Cost, normal purchase price Total Checkouts Full call number Barcode Date last seen Date checked out Copy number Cost, replacement price Price effective from Koha item type
        Central Library Central Library 25/07/2015 Cen Lib/Ret 0.00 1 184 COL A-412595 31/12/2018 03/12/2018 1 0.00 25/07/2015 English Books

© Delhi Public Library
Hit Counter
free hit counter